[Event "Mechanics' Summer TNM; 30/90, SD/30"]
[Site "San Francisco"]
[Date "2010.06.01"]
[Round "2.10"]
[White "Sherwood, Peter"]
[Black "Wong, Russell"]
[Result "0-1"]
[WhiteElo "1778"]
[BlackElo "2200"]
[PlyCount "72"]
[EventDate "2010.??.??"]

1. e4 Nf6 2. e5 Nd5 3. d4 d6 4. Nf3 Bg4 5. Be2 c6 6. h3 Bxf3 7. Bxf3 dxe5 8.
dxe5 e6 9. O-O Nd7 10. Bxd5 cxd5 11. Qe2 Qc7 12. f4 g6 13. Nc3 a6 14. Be3 Rc8
15. Rac1 Qa5 16. Bd4 Rc4 17. Rcd1 Bc5 18. Qe3 Qb4 19. Bxc5 Nxc5 20. Nxd5 exd5
21. Rxd5 Ne6 22. f5 gxf5 23. Rxf5 Re4 24. Qf3 Rf4 25. Qh5 Qe1+ 26. Kh2 Rxf5 27.
Qxf5 Rg8 28. Rd3 Rg5 29. Qxh7 Qxe5+ 30. g3 Qe2+ 31. Kh1 Re5 32. Qh8+ Nf8 33.
Rd8+ Kxd8 34. Qxf8+ Re8 35. Qd6+ Kc8 36. Qc5+ Kb8 0-1

[Event "Mechanics' Summer TNM; 30/90, SD/30"]
[Site "San Francisco"]
[Date "2010.06.01"]
[Round "2.5"]
[White "Shnaiderman, Lazar"]
[Black "Manvelyan, Hayk"]
[Result "1/2-1/2"]
[WhiteElo "1878"]
[BlackElo "2145"]
[PlyCount "54"]
[EventDate "2010.??.??"]

1. d4 d5 2. c4 e6 3. Nf3 Nf6 4. g3 c6 5. Qc2 Nbd7 6. Bg2 Bd6 7. O-O O-O 8. b3
Qe7 9. Nbd2 b6 10. Bb2 Bb7 11. e4 dxe4 12. Nxe4 Nxe4 13. Qxe4 Nf6 14. Qc2 Ba3
15. Bxa3 Qxa3 16. Ne5 Qd6 17. Rad1 Rad8 18. Rfe1 Qc7 19. f4 c5 20. Bxb7 Qxb7
21. dxc5 bxc5 22. Qg2 Qa6 23. Qe2 h6 24. Qf2 Qb6 25. Qf3 Qa6 26. Qe2 Qb6 27.
Qf3 Qa6 1/2-1/2

[Event "Mechanics' Summer TNM; 30/90, SD/30"]
[Site "San Francisco"]
[Date "2010.06.22"]
[Round "5.4"]
[White "Shnaiderman, Lazar"]
[Black "Thornally, Frank"]
[Result "0-1"]
[WhiteElo "1878"]
[BlackElo "2200"]
[PlyCount "81"]
[EventDate "2010.??.??"]

1. d4 d5 2. c4 c6 3. Nc3 Nf6 4. Nf3 dxc4 5. e3 b5 6. a4 Nd5 7. axb5 Nxc3 8.
bxc3 cxb5 9. Ne5 Bb7 10. Qh5 Qd5 11. Be2 g6 12. Qf3 Qxf3 13. Bxf3 Bxf3 14. Nxf3
e6 15. Bd2 a6 16. Ke2 Nd7 17. Rhb1 Nb6 18. e4 Bd6 19. d5 exd5 20. exd5 Kd7 21.
Ng5 Rhe8+ 22. Kf3 Re5 23. Ne4 Be7 24. d6 f5 25. dxe7 fxe4+ 26. Kf4 Rxe7 27. Kg3
Na4 28. Bg5 Re6 29. Ra3 Rd6 30. Re1 Re8 31. Kf4 Rd5 32. Bh6 Re7 33. Rxe4 Rf5+
34. Ke3 Rxe4+ 35. Kxe4 Rxf2 36. Kd4 Rxg2 37. Bf4 g5 38. Bg3 Ke6 39. Ra1 Rd2+
40. Ke3 Rd3+ 41. Ke4 0-1

[Event "Mechanics' Summer TNM; 30/90, SD/30"]
[Site "San Francisco"]
[Date "2010.06.29"]
[Round "6.9"]
[White "Shnaiderman, Lazar"]
[Black "Viswanadha, Kesav"]
[Result "1/2-1/2"]
[WhiteElo "1878"]
[BlackElo "1904"]
[PlyCount "47"]
[EventDate "2010.??.??"]

1. d4 Nf6 2. c4 c5 3. d5 e6 4. Nc3 exd5 5. cxd5 d6 6. Nf3 g6 7. Bf4 Bg7 8. Qa4+
Bd7 9. Qb3 Qc7 10. e4 O-O 11. Be2 Nh5 12. Be3 a6 13. a4 Bg4 14. O-O Bxf3 15.
Bxf3 Nf6 16. a5 Nbd7 17. Be2 Rfe8 18. Qc2 h6 19. h3 Re7 20. Bf4 Rae8 21. Bf3
Ne5 22. Be2 g5 23. Be3 Ng6 24. Ra4 1/2-1/2

[Event "Mechanics' Summer TNM; 30/90, SD/30"]
[Site "San Francisco"]
[Date "2010.06.22"]
[Round "5.19"]
[White "Standen, Julian"]
[Black "Barrow, Lyle"]
[Result "1-0"]
[WhiteElo "1720"]
[BlackElo "1500"]
[PlyCount "71"]
[EventDate "2010.??.??"]

1. d4 e6 2. Nf3 Nf6 3. Bg5 h6 4. Bh4 c5 5. e3 cxd4 6. exd4 Be7 7. Bd3 b6 8. O-O
Bb7 9. Nbd2 O-O 10. Qe2 d6 11. c3 Nbd7 12. h3 Re8 13. Rad1 Nd5 14. Bg3 N5f6 15.
Rfe1 d5 16. Ne5 Nxe5 17. Bxe5 Bd6 18. Nf3 Qe7 19. Bc2 a6 20. Qd3 Ne4 21. Re3 f6
22. Bxd6 Qxd6 23. Nd2 f5 24. Nf3 a5 25. Ba4 Bc6 26. Bxc6 Qxc6 27. Ne5 Qc8 28.
Rde1 Ng5 29. h4 Nf7 30. Qe2 Nxe5 31. Rxe5 Kf7 32. Qh5+ Kg8 33. Qg6 Qd7 34. Rxe6
Rxe6 35. Qxe6+ Qxe6 36. Rxe6 1-0

[Event "Mechanics' Summer TNM; 30/90, SD/30"]
[Site "San Francisco"]
[Date "2010.05.25"]
[Round "2.2"]
[White "Standen, Julian"]
[Black "Fuentes, Romulo"]
[Result "0-1"]
[WhiteElo "1720"]
[BlackElo "2237"]
[PlyCount "82"]
[EventDate "2010.??.??"]

1. d4 Nf6 2. Nf3 c5 3. c3 e6 4. Bf4 cxd4 5. cxd4 Qb6 6. Qc1 Nc6 7. e3 Bb4+ 8.
Nbd2 d5 9. Bd3 Bd7 10. O-O Rc8 11. Qb1 Nh5 12. Be5 f6 13. Bg3 Nxg3 14. hxg3 f5
15. a3 Bd6 16. b4 O-O 17. b5 Na5 18. a4 Rf6 19. Rc1 Rcf8 20. Nb3 Rh6 21. Nxa5
Qxa5 22. Qb2 Qd8 23. Ne5 Be8 24. f4 g5 25. Nf3 gxf4 26. gxf4 Kh8 27. Kf2 Rg8
28. Rh1 Rhg6 29. Rh2 Be7 30. Rah1 R8g7 31. Bf1 Kg8 32. Rh6 Bd6 33. Rxg6 Bxg6
34. Bd3 Qa5 35. Bc2 Rc7 36. Rc1 Bh5 37. Bd1 Bxf3 38. Kxf3 Qe1 39. Rb1 Rg7 40.
Qf2 Qh1 41. Bc2 Qh5+ 0-1

[Event "Mechanics' Summer TNM; 30/90, SD/30"]
[Site "San Francisco"]
[Date "2010.06.08"]
[Round "3.12"]
[White "Standen, Julian"]
[Black "Viswanadha, Kesav"]
[Result "1/2-1/2"]
[WhiteElo "1720"]
[BlackElo "1904"]
[PlyCount "66"]
[EventDate "2010.??.??"]

1. d4 Nf6 2. Nf3 d5 3. Bf4 c5 4. c3 Nc6 5. e3 Qb6 6. Qb3 c4 7. Qxb6 axb6 8. Na3
Na7 9. Be2 Bf5 10. O-O e6 11. Nb1 b5 12. Nbd2 b4 13. Nh4 Nc6 14. Nxf5 exf5 15.
Bg5 Ne4 16. Nxe4 fxe4 17. f3 h6 18. Bh4 g5 19. Be1 bxc3 20. Bxc3 exf3 21. Bxf3
Rd8 22. a4 Bg7 23. a5 O-O 24. a6 b5 25. a7 g4 26. Bxg4 Ra8 27. Bf3 Rfd8 28. Ra6
Nxa7 29. Rfa1 Rd7 30. Bb4 Bf8 31. Bxf8 Kxf8 32. Rxh6 Kg7 33. Rb6 Re8 {
Drawn on White's offer.} 1/2-1/2

[Event "Mechanics' Summer TNM; 30/90, SD/30"]
[Site "San Francisco"]
[Date "2010.06.01"]
[Round "2.4"]
[White "Thornally, Frank"]
[Black "Afkham-Ebrahimi, Payam"]
[Result "1-0"]
[WhiteElo "2200"]
[BlackElo "1894"]
[PlyCount "67"]
[EventDate "2010.??.??"]

1. d4 d5 2. c4 c6 3. Nf3 Nf6 4. e3 e6 5. Qc2 Nbd7 6. Bd3 Bd6 7. Nbd2 O-O 8. O-O
Re8 9. b3 Nf8 10. Bb2 Ng6 11. Rfe1 Bd7 12. e4 dxe4 13. Nxe4 Nxe4 14. Bxe4 Rc8
15. Rad1 Bb4 16. Re3 f5 17. Bd3 Nf4 18. Bf1 g5 19. Nxg5 Re7 20. Rg3 Rg7 21. Nf3
Rxg3 22. hxg3 Ng6 23. c5 Qe7 24. Bc4 b5 25. Bd3 Rf8 26. a4 a6 27. axb5 axb5 28.
Ra1 Be8 29. Qe2 Bf7 30. Ne5 Qc7 31. Nxg6 hxg6 32. Qe3 Rd8 33. d5 e5 34. d6 1-0

[Event "Mechanics' Summer TNM; 30/90, SD/30"]
[Site "San Francisco"]
[Date "2010.06.22"]
[Round "5.12"]
[White "Todortsev, Victor"]
[Black "Abraham, Renjish"]
[Result "1-0"]
[WhiteElo "1928"]
[BlackElo "1695"]
[PlyCount "63"]
[EventDate "2010.??.??"]

1. e4 c5 2. Nf3 d6 3. d4 cxd4 4. Nxd4 Nf6 5. Nc3 g6 6. Be3 Bg7 7. f3 a6 8. Qd2
h5 9. Bc4 b5 10. Bb3 Bd7 11. O-O-O Nc6 12. Nd5 Nxd5 13. Bxd5 Rc8 14. Nxc6 Bxc6
15. Bb3 Qc7 16. Bd4 O-O 17. Bxg7 Kxg7 18. Qd4+ f6 19. Rd2 Bd7 20. Rg1 Qc5 21.
h3 Qxd4 22. Rxd4 Rc5 23. g4 hxg4 24. hxg4 Rh8 25. Rd2 Rh3 26. f4 Rf3 27. Rh2
Rxf4 28. Rgh1 f5 29. g5 d5 30. Rh7+ Kf8 31. Bxd5 e6 32. Rxd7 1-0

[Event "Mechanics' Summer TNM; 30/90, SD/30"]
[Site "San Francisco"]
[Date "2010.06.08"]
[Round "3.11"]
[White "Todortsev, Victor"]
[Black "Chen, Max"]
[Result "0-1"]
[WhiteElo "1928"]
[BlackElo "1742"]
[PlyCount "52"]
[EventDate "2010.??.??"]

1. e4 c5 2. Nf3 Nc6 3. d4 cxd4 4. Nxd4 g6 5. Be3 Bg7 6. Nc3 Nf6 7. f3 O-O 8.
Bc4 Qb6 9. Bb3 Nxe4 10. Nd5 Qa5+ 11. c3 Nc5 12. Nxc6 dxc6 13. Nxe7+ Kh8 14.
Nxc8 Nxb3 15. axb3 Qe5 16. Kf2 Raxc8 17. Rxa7 Qb5 18. b4 Rfe8 19. Re1 Rcd8 20.
Qc2 Rxe3 21. Rxe3 Bh6 22. Ra5 Qb6 23. Rc5 Bxe3+ 24. Kxe3 Rd5 25. Qe4 Rxc5 26.
Qd4+ $4 Re5+ 0-1

[Event "Mechanics' Summer TNM; 30/90, SD/30"]
[Site "San Francisco"]
[Date "2010.05.25"]
[Round "2"]
[White "Todortsev, Victor"]
[Black "Morgan, Jerry"]
[Result "1-0"]
[WhiteElo "1928"]
[BlackElo "1511"]
[PlyCount "37"]
[EventDate "2010.??.??"]

1. e4 c6 2. d4 d5 3. Nc3 dxe4 4. Nxe4 Bf5 5. Ng3 Bg6 6. Nf3 Nd7 7. Bc4 e6 8.
O-O Ngf6 9. Re1 Be7 10. c3 O-O 11. Nh4 Bh5 12. Nxh5 Nxh5 13. Qxh5 Bxh4 14. Bd3
g6 15. Qh6 Bf6 16. Bf4 Bg7 17. Qh3 Qf6 18. Qe3 Rfe8 19. Bg5 1-0

[Event "Mechanics' Summer TNM; 30/90, SD/30"]
[Site "San Francisco"]
[Date "2010.07.06"]
[Round "7.4"]
[White "Todortsev, Victor"]
[Black "Traub, Igor"]
[Result "0-1"]
[WhiteElo "1928"]
[BlackElo "2112"]
[PlyCount "93"]
[EventDate "2010.??.??"]

1. d4 d5 2. c4 c6 3. e3 Nf6 4. Nc3 e6 5. Nf3 Bd6 6. Bd3 Nbd7 7. O-O O-O 8. Re1
dxc4 9. Bxc4 b5 10. Bd3 a6 11. e4 e5 12. Bg5 h6 13. Bh4 exd4 14. Nxd4 Ne5 15.
Bc2 b4 16. Nce2 c5 17. Nf5 Bxf5 18. exf5 Nc4 19. b3 Na3 20. Be4 Bxh2+ 21. Kxh2
Qxd1 22. Rexd1 Nxe4 23. Rac1 Nb5 24. f3 Nec3 25. Nxc3 Nxc3 26. Rd2 Rfe8 27. Bf2
Re5 28. g4 Rae8 29. Rcc2 Rc8 30. Rd6 a5 31. a4 h5 32. Rcd2 hxg4 33. fxg4 Kh7
34. Rd7 Ne4 35. Re2 Nxf2 36. Rxf2 c4 37. Rc2 c3 38. Rxf7 Kh6 39. Kg3 Re3+ 40.
Kf4 Rh3 41. g5+ Kh7 42. f6 Rg8 43. Kf5 Rf3+ 44. Kg4 Rf1 45. Rc7 Kg6 46. fxg7
Rg1+ 47. Kf4 {remainder illegible} 0-1

[Event "Mechanics' Summer TNM; 30/90, SD/30"]
[Site "San Francisco"]
[Date "2010.06.29"]
[Round "6.4"]
[White "Traub, Igor"]
[Black "Manvelyan, Hovik"]
[Result "1/2-1/2"]
[WhiteElo "2112"]
[BlackElo "2008"]
[PlyCount "89"]
[EventDate "2010.??.??"]

1. Nf3 e6 2. g3 d5 3. d3 f5 4. Bg2 Nf6 5. O-O Bd6 6. Bg5 h6 7. Bd2 g5 8. c4 c6
9. Nc3 e5 10. cxd5 cxd5 11. e4 fxe4 12. dxe4 d4 13. Nb5 Nc6 14. h4 Bg4 15. hxg5
Nxe4 16. Qc2 Bxf3 17. Bxf3 Nxd2 18. Bh5+ Ke7 19. Qxd2 a6 20. Na3 hxg5 21. Qxg5+
Kd7 22. Bg4+ Kc7 23. Qf5 Qe7 24. Nc4 Raf8 25. Qe4 Qf6 26. Kg2 Rh6 27. Bf3 Rfh8
28. Rh1 Rxh1 29. Rxh1 Rxh1 30. Kxh1 Qh6+ 31. Kg2 Qf6 32. a3 Qe6 33. b3 Qe7 34.
b4 Kb8 35. g4 Qe6 36. Nb6 Be7 37. Nd5 Qf7 38. a4 Bd6 39. b5 axb5 40. axb5 Ne7
41. Nf4 Ng8 42. g5 exf4 43. Qxd4 Qa2 44. Qh8 Qf7 45. Qd4 1/2-1/2

[Event "Mechanics' Summer TNM; 30/90, SD/30"]
[Site "San Francisco"]
[Date "2010.06.01"]
[Round "2.11"]
[White "Traub, Igor"]
[Black "Periwal, Prashant"]
[Result "1-0"]
[WhiteElo "2112"]
[BlackElo "1884"]
[PlyCount "31"]
[EventDate "2010.??.??"]

1. Nf3 c5 2. g3 Nc6 3. d3 d5 4. Bg2 e5 5. Nbd2 f5 6. e4 fxe4 7. dxe4 dxe4 8.
Nxe4 Qxd1+ 9. Kxd1 Bf5 10. Nh4 O-O-O+ 11. Bd2 Nh6 12. Nxf5 Nxf5 13. Ng5 Rd7 14.
Re1 h6 15. Bxc6 bxc6 16. Ne4 {
Scoresheets are unplayable from this position which is equal. White later won.}
1-0

[Event "Mechanics' Summer TNM; 30/90, SD/30"]
[Site "San Francisco"]
[Date "2010.06.15"]
[Round "4.6"]
[White "Traub, Igor"]
[Black "Sherwood, Peter"]
[Result "1-0"]
[WhiteElo "2112"]
[BlackElo "1778"]
[PlyCount "63"]
[EventDate "2010.??.??"]

1. Nf3 Nf6 2. g3 g6 3. Bg2 Bg7 4. d3 d5 5. h3 O-O 6. O-O Nc6 7. Nbd2 Qd6 8. c3
e5 9. e4 dxe4 10. dxe4 Be6 11. Re1 Rad8 12. Bf1 Qc5 13. Qe2 Nh5 14. Kh2 f5 15.
Ng5 Bf7 16. exf5 gxf5 17. Nxf7 Rxf7 18. Nb3 Qd5 19. Qxh5 f4 20. gxf4 Kh8 21. c4
Qd7 22. Nc5 Qe7 23. Ne4 h6 24. f5 Rdf8 25. Bxh6 Bxh6 26. Qxh6+ Rh7 27. Qg5 Qd7
28. Nf6 Qd4 29. Re3 Rh4 30. Rd1 Qf4+ 31. Qxf4 exf4 32. Re8 1-0

[Event "Mechanics' Summer TNM; 30/90, SD/30"]
[Site "San Francisco"]
[Date "2010.07.06"]
[Round "7.9"]
[White "Viswanadha, Kesav"]
[Black "Byambaa, Uyanga"]
[Result "1-0"]
[WhiteElo "1904"]
[BlackElo "1623"]
[PlyCount "45"]
[EventDate "2010.??.??"]

1. e4 c5 2. c3 d5 3. exd5 Qxd5 4. d4 Nf6 5. Nf3 Bg4 6. Be2 e6 7. O-O Nc6 8. Be3
cxd4 9. cxd4 Bb4 10. Nc3 Qd6 11. Qb3 O-O 12. Rfd1 a6 $6 (12... Rfd8 13. Rac1
Rac8 14. h3 Bh5 15. a3 Bxc3 16. bxc3 Nd5 17. c4 Nf4 18. Bxf4 Qxf4 19. Qxb7 Bxf3
20. Bxf3 Nxd4) (12... Nd5 13. Nxd5 Qxd5 (13... exd5) 14. Qxd5 exd5 $11) 13. a3
Ba5 14. h3 Bh5 15. d5 exd5 16. Nxd5 Qe6 17. Nxf6+ Qxf6 18. Bg5 (18. Rd5 $1 Bg6
19. Rad1 $16) 18... Qf5 19. g4 Bxg4 20. hxg4 Qxg4+ {'='} 21. Kh1 Qh3+ 22. Kg1
Ne5 $4 (22... Qg4+ $11) 23. Nd4 1-0

[Event "Mechanics' Summer TNM; 30/90, SD/30"]
[Site "San Francisco"]
[Date "2010.06.15"]
[Round "4.15"]
[White "Viswanadha, Kesav"]
[Black "Chernobilskiy, Mikhail"]
[Result "1-0"]
[WhiteElo "1904"]
[BlackElo "1858"]
[PlyCount "64"]
[EventDate "2010.??.??"]

1. e4 c5 2. c3 d5 3. exd5 Qxd5 4. d4 cxd4 5. cxd4 Nc6 6. Nf3 Bg4 7. Be2 e6 8.
Nc3 Bb4 9. Bd2 Qd8 10. O-O Nge7 11. Be3 O-O 12. Qd2 Nf5 13. Rfd1 Qb6 14. a3
Nxe3 15. fxe3 Be7 16. h3 Bh5 17. b4 Bf6 18. Ne4 Be7 19. Nc5 Rad8 20. Nd3 Bd6
21. Nb2 Bb8 22. Nd3 Qc7 23. a4 Qg3 24. b5 Ne7 25. Nc5 b6 26. Ne4 Qg6 27. Nf2
Bxf3 28. Bxf3 f5 29. d5 Nxd5 30. Bxd5 Rxd5 31. Qe2 f4 32. exf4 Rxf4 {
Black is much better but White later won on time.} 1-0

[Event "Mechanics' Summer TNM; 30/90, SD/30"]
[Site "San Francisco"]
[Date "2010.06.22"]
[Round "5.8"]
[White "Viswanadha, Kesav"]
[Black "Grey, Peter"]
[Result "1/2-1/2"]
[WhiteElo "1904"]
[BlackElo "2011"]
[PlyCount "70"]
[EventDate "2010.??.??"]

1. e4 c5 2. c3 Nf6 3. e5 Nd5 4. d4 cxd4 5. Nf3 e6 6. cxd4 d6 7. exd6 Qxd6 8.
Bc4 Nc6 9. O-O Be7 10. Nc3 O-O 11. Be3 Nxc3 12. bxc3 e5 13. dxe5 Nxe5 14. Nxe5
Qxe5 15. Bd4 Qg5 16. f4 Qg6 17. Bd3 Bf5 18. Bxf5 Qxf5 19. Qf3 b6 20. Rae1 Bf6
21. g4 Qd7 22. Bxf6 gxf6 23. Qg2 Qc7 24. Rf3 Rae8 25. Ref1 Qc5+ 26. Kh1 Re3 27.
g5 f5 28. Qd2 Rfe8 29. Qd7 R3e7 30. Qd2 Re2 31. Qd7 R2e7 32. Qd2 Qc4 33. R1f2
Re1+ 34. Kg2 Qe4 35. Qd3 Qxd3 1/2-1/2

[Event "Mechanics' Summer TNM; 30/90, SD/30"]
[Site "San Francisco"]
[Date "2010.06.15"]
[Round "4.9"]
[White "Wheeler, Cameron"]
[Black "Afkham-Ebrahimi, Payam"]
[Result "1-0"]
[WhiteElo "1850"]
[BlackElo "1894"]
[PlyCount "161"]
[EventDate "2010.??.??"]

1. e4 d6 2. d4 Nf6 3. Nc3 g6 4. f4 Bg7 5. Nf3 O-O 6. Be3 Ng4 7. Bg1 Nd7 8. h3
Ngf6 9. Qd2 c6 10. O-O-O b5 11. e5 b4 12. Ne2 Ne4 13. Qe3 d5 14. Ng5 Qa5 15.
Nxe4 dxe4 16. Kb1 Nb6 17. Qxe4 Bf5 18. Qf3 Rab8 19. Nc1 Nd5 20. Nb3 Nc3+ 21.
bxc3 Bxc2+ 22. Kxc2 Qxa2+ 23. Kd3 Qxb3 24. Kd2 Qb2+ 25. Ke1 bxc3 26. Be3 c2 27.
Rc1 Qc3+ 28. Bd2 Qxd4 29. Qd3 Qb6 30. Qxc2 Rfd8 31. Be2 Qd4 32. Qc3 Qe4 33.
Qxc6 Qf5 34. g4 Qd7 35. Qxd7 Rxd7 36. Be3 e6 37. Kf2 Bf8 38. Ra1 Rb3 39. Rxa7
Rxa7 40. Bxa7 Be7 41. g5 h5 42. Be3 Rc3 43. Rc1 Rb3 44. h4 Ba3 45. Rc8+ Kg7 46.
Rc7 Rb8 47. Bd4 Rd8 48. Bb6 Rb8 49. Be3 Rd8 50. Bf3 Bb4 51. Rb7 Rc8 52. Kg3 Bf8
53. Bb6 Bb4 54. Bf2 Bd2 55. Rd7 Bc1 56. Bb6 Rc4 57. Rd4 Rc8 58. Bd8 Ba3 59.
Bf6+ Kf8 60. Rd8+ Rxd8 61. Bxd8 Ke8 62. Bb6 Kd7 63. Kf2 Bb4 64. Ke2 Ba3 65. Kd3
Bb4 66. Bf2 Ke8 67. Kc4 Bd2 68. Bg3 Be3 69. Kb5 Kd7 70. Bc6+ Ke7 71. Ka6 Bc1
72. Kb7 Bd2 73. Kc8 Bc1 74. Bf2 Kf8 75. Bc5+ Kg7 76. Kd8 Bxf4 77. Be8 Bg3 78.
Ke7 Bxh4 79. Bxf7 Bxg5+ 80. Kxe6 h4 81. Be8 1-0

[Event "Mechanics' Summer TNM; 30/90, SD/30"]
[Site "San Francisco"]
[Date "2010.06.29"]
[Round "6.7"]
[White "Wheeler, Cameron"]
[Black "Grey, Peter"]
[Result "1/2-1/2"]
[WhiteElo "1850"]
[BlackElo "2011"]
[PlyCount "76"]
[EventDate "2010.??.??"]

1. e4 c5 2. Nc3 Nc6 3. g3 g6 4. Bg2 Bg7 5. d3 d6 6. Be3 Rb8 7. Qd2 b5 8. Nge2
Nd4 9. O-O e6 10. g4 b4 11. Nd1 Nxe2+ 12. Qxe2 Ne7 13. Qd2 O-O 14. Bh6 d5 15.
Bxg7 Kxg7 16. e5 Nc6 17. f4 f6 18. exf6+ Rxf6 19. Ne3 Qd6 20. f5 gxf5 21. gxf5
exf5 22. Nxd5 Rh6 23. Qf4 Qxf4 24. Rxf4 Nd4 25. Rf2 Bb7 26. Ne3 Rg6 27. Kh1
Bxg2+ 28. Nxg2 Re8 29. Raf1 Rge6 30. c3 bxc3 31. bxc3 Ne2 32. Rxf5 Nxc3 33.
Rxc5 Nxa2 34. Ra5 Nb4 35. Rxa7+ R8e7 36. Rxe7+ Rxe7 37. Rd1 Rd7 38. d4 Kf6
1/2-1/2

[Event "Mechanics' Summer TNM; 30/90, SD/30"]
[Site "San Francisco"]
[Date "2010.07.13"]
[Round "8.6"]
[White "Wheeler, Cameron"]
[Black "Lin, Michael"]
[Result "1/2-1/2"]
[WhiteElo "1850"]
[BlackElo "1974"]
[PlyCount "82"]
[EventDate "2010.??.??"]

1. e4 c5 2. Nc3 Nc6 3. g3 e6 4. Bg2 Nf6 5. d3 Be7 6. f4 d5 7. e5 Nd7 8. Nf3 a6
9. O-O b5 10. Kh1 Qb6 11. Ne2 Bb7 12. d4 g6 13. c3 c4 14. Qc2 h5 15. h3 a5 16.
Ng5 Rg8 17. Be3 b4 18. a3 bxa3 19. bxa3 a4 20. Rfb1 Qc7 21. Rf1 Na5 22. Bc1 Nb3
23. Rb1 Nb6 24. Bb2 Nc8 25. Nc1 Ba6 26. Rf3 Na7 27. Nxb3 cxb3 28. Qd2 Bc4 29.
Bf1 Nb5 30. Ra1 Rb8 31. Bxc4 Qxc4 32. Qd1 Nxa3 33. Bxa3 Bxa3 34. Rxa3 b2 35.
Qb1 Rb3 36. Rxb3 Qxb3 37. c4 Qb4 38. cxd5 a3 39. dxe6 fxe6 40. Rf1 Qxd4 41. Qc2
Qd7 1/2-1/2

[Event "Mechanics' Summer TNM; 30/90, SD/30"]
[Site "San Francisco"]
[Date "2010.06.29"]
[Round "6.15"]
[White "Woebcke, Carl"]
[Black "Beilin, Allan"]
[Result "1/2-1/2"]
[WhiteElo "1654"]
[BlackElo "1802"]
[PlyCount "49"]
[EventDate "2010.??.??"]

1. e4 e6 2. d4 d5 3. exd5 exd5 4. c4 c6 5. Nc3 Nf6 6. Bg5 Bb4 7. a3 Be7 8. cxd5
Nxd5 9. Bxe7 Qxe7+ 10. Qe2 Qxe2+ 11. Ngxe2 Be6 12. Nxd5 Bxd5 13. Nf4 Bb3 14.
Rc1 O-O 15. Rc3 Re8+ 16. Kd2 Be6 17. Nxe6 Rxe6 18. Re3 Rxe3 19. fxe3 Nd7 20.
Bd3 Rc8 21. Re1 Nf6 22. e4 Ng4 23. h3 Nf6 24. g4 h6 25. b4 1/2-1/2

[Event "Mechanics' Summer TNM; 30/90, SD/30"]
[Site "San Francisco"]
[Date "2010.06.01"]
[Round "2.14"]
[White "Woebcke, Carl"]
[Black "Lin, Michael"]
[Result "1-0"]
[WhiteElo "1654"]
[BlackElo "1974"]
[PlyCount "20"]
[EventDate "2010.??.??"]

1. e4 c5 2. Nf3 d6 3. d4 cxd4 4. Nxd4 Nf6 5. Nc3 g6 6. Be3 Bg7 7. f3 O-O 8. Bc4
Nc6 9. Qd2 Bd7 10. Bh6 $4 Bxh6 1-0

[Event "Mechanics' Summer TNM; 30/90, SD/30"]
[Site "San Francisco"]
[Date "2010.06.15"]
[Round "4.17"]
[White "Woebcke, Carl"]
[Black "Todortsev, Victor"]
[Result "0-1"]
[WhiteElo "1654"]
[BlackElo "1928"]
[PlyCount "40"]
[EventDate "2010.??.??"]

1. e4 e5 2. f4 exf4 3. Nf3 d6 4. Bc4 Be7 5. O-O Nf6 6. Nc3 Nxe4 7. Bxf7+ Kxf7
8. Nxe4 Rf8 9. Nfg5+ Kg6 10. Nh3 d5 11. Nxf4+ Rxf4 12. Rxf4 dxe4 13. Qe2 Qd5
14. d4 Nc6 15. h4 h5 16. c3 Bg4 17. Qxe4+ Qxe4 18. Rxe4 Bxh4 19. Bf4 Kf5 20.
Rae1 Bxe1 0-1

[Event "Mechanics' Summer TNM; 30/90, SD/30"]
[Site "San Francisco"]
[Date "2010.07.06"]
[Round "7.2"]
[White "Wong, Russell"]
[Black "Lopez, Jorge"]
[Result "0-1"]
[WhiteElo "2200"]
[BlackElo "2125"]
[PlyCount "58"]
[EventDate "2010.??.??"]

1. c4 e5 2. Nc3 c5 3. g3 Nc6 4. Bg2 g6 5. d3 Bg7 6. Nf3 d6 7. Bd2 f5 8. e4 Nf6
9. a3 fxe4 10. dxe4 O-O 11. h3 Nd4 12. Nxd4 exd4 13. Nd5 Nxd5 14. cxd5 b5 15.
O-O a5 16. Qc1 Ba6 17. Bh6 b4 18. Bxg7 Kxg7 19. Re1 Qb6 20. axb4 Qxb4 21. e5
dxe5 22. Rxe5 Rae8 23. Re6 Bb5 24. h4 Bd7 25. Rxe8 Rxe8 26. h5 d3 27. h6+ Kf6
28. Bf1 d2 29. Qd1 Bg4 0-1

[Event "Mechanics' Summer TNM; 30/90, SD/30"]
[Site "San Francisco"]
[Date "2010.06.08"]
[Round "3.4"]
[White "Wong, Russell"]
[Black "Manvelyan, Hovik"]
[Result "0-1"]
[WhiteElo "2200"]
[BlackElo "2008"]
[PlyCount "94"]
[EventDate "2010.??.??"]

1. d4 e6 2. g3 d5 3. Bg2 f5 4. c4 c6 5. Nc3 Bd6 6. Nh3 Nf6 7. O-O O-O 8. b3 Ne4
9. Nxe4 dxe4 10. f3 exf3 11. exf3 Bb4 12. Be3 Nd7 13. f4 Nf6 14. Nf2 Qc7 15. a3
Bd6 16. b4 a6 17. Qb3 Qf7 18. Nd3 Ng4 19. Ne5 Qh5 20. Nxg4 fxg4 21. d5 Bd7 22.
c5 Be7 23. dxe6 Be8 24. Rad1 Rf6 25. Be4 Bg6 26. Bxg6 Qxg6 27. Bd4 Rf5 28. Be5
h5 29. Rd7 Re8 30. Re1 h4 31. Bd6 Bf6 32. e7+ Rd5 33. Be5 Rxe7 34. Rxd5 cxd5
35. Qxd5+ Kh7 36. Qd1 Bxe5 37. fxe5 h3 38. Qd5 Qf5 39. Qe4 Kg6 40. Qf4 Qxf4 41.
gxf4 Kf5 42. Kf2 Kxf4 43. e6 Kf5 44. Kg3 Rxe6 45. Rxe6 Kxe6 46. Kxg4 Kd5 47.
Kxh3 Kc4 0-1

[Event "Mechanics' Summer TNM; 30/90, SD/30"]
[Site "San Francisco"]
[Date "2010.06.22"]
[Round "5.7"]
[White "Wong, Russell"]
[Black "Sanguinetti, George"]
[Result "1-0"]
[WhiteElo "2200"]
[BlackElo "1959"]
[PlyCount "79"]
[EventDate "2010.??.??"]

1. d4 g6 2. e4 d6 3. Nc3 c6 4. a4 Bg7 5. Nf3 Nh6 6. Bc4 e6 7. h4 f6 8. h5 g5 9.
e5 d5 10. Bd3 Nf7 11. exf6 Qxf6 12. Be3 h6 13. Qd2 O-O 14. O-O-O Nd7 15. Bg6
Nd6 16. b3 b6 17. Nh2 Qe7 18. Rde1 b5 19. f4 bxa4 20. Nxa4 Nc4 21. bxc4 Qa3+
22. Kd1 Qxa4 23. fxg5 Rb8 24. gxh6 Bf6 25. h7+ Kh8 26. Ng4 e5 27. Qc3 e4 28.
Bh6 Bg7 29. Bxg7+ Kxg7 30. Kd2 Nb6 31. Ne5 Be6 32. h6+ Kh8 33. Bxe4 Rf6 34. Re2
Rbf8 35. Ra1 Nxc4+ 36. Nxc4 Qxc4 37. Bd3 Qxc3+ 38. Kxc3 Rxh6 39. Rxa7 Bf7 40.
Rf2 1-0